Similar Logos - Statistics

General Stats
  • This quiz has been taken 280 times
  • The average score is 10 of 14
Answer Stats
Picture Answer % Correct
Lays
97%
Pepsi
94%
Honda
92%
XBOX
92%
Puma
91%
Gucci
88%
Jaguar
81%
Lipton
80%
Chanel
79%
Hyundai
77%
Nissan
77%
Xerox
44%
Scion
33%
Korean Air
22%
No matching quizzes found
Score Distribution
Percent of People with Each Score
Percentile by Number Answered
Your Score History
You have not taken this quiz